000
00240 a2200097 4500
001
17738
100
_a
Ayres, F
245
_a
Theory and problems of first year college maths
260
_a
_b
Schaum's Outline series
_c
090
_c
13107
_d
13107
942
_a
NUST-CAE
_c
M
_c
3456
999
_c
252811
_d
252811